Parutions (notice n° 1589610)

détails MARC
000 -LEADER
fixed length control field 01842cam a2200181 4500500
005 - DATE AND TIME OF LATEST TRANSACTION
control field 20251228064231.0
041 ## - LANGUAGE CODE
Language code of text/sound track or separate title fre
042 ## - AUTHENTICATION CODE
Authentication code dc
100 10 - MAIN ENTRY--PERSONAL NAME
Personal name Brunhes, Simone
Relator term author
245 00 - TITLE STATEMENT
Title Parutions
260 ## - PUBLICATION, DISTRIBUTION, ETC.
Date of publication, distribution, etc. 2012.<br/>
500 ## - GENERAL NOTE
General note 27
520 ## - SUMMARY, ETC.
Summary, etc. Pour les salariés du secteur privé encore en emploi à l’âge de 60 ans, la durée validée après cet âge augmenterait en moyenne de 0,6 à 0,7 trimestre lorsque la durée requise pour le taux plein augmente de 1 trimestre. Cette élasticité s’avère très proche pour les hommes et pour les femmes, contrairement à ce que semblaient indiquer certaines évaluations récentes. Une nouvelle estimation, exploitant les données administratives des régimes de retraites disponibles dans les échantillons interrégimes de retraités (EIR) et de cotisants (EIC), permet en effet de corriger les biais liés aux erreurs de mesure, source de l’écart apparent selon le sexe.
520 ## - SUMMARY, ETC.
Summary, etc. Age at retirement and effect of an increase in the required duration of career for full rate We estimate that the average age at retirement for private sector wage-earners increase by 0.6 to 0.7 when the duration of career required by the legislation for a pension at full rate increase by 1. The elasticity is close for men and women, which contradicts results from previous estimations. Our new estimation relies on administrative data, provided by the inter-scheme sample of retired (EIR) and inter-scheme sample of affiliates (EIC). These data allow correcting measurement errors, which induced biases in those previous estimations.
700 10 - ADDED ENTRY--PERSONAL NAME
Personal name Rozenkier, Alain
Relator term author
786 0# - DATA SOURCE ENTRY
Note Retraite et société | 62 | 1 | 2012-02-01 | p. 213-219 | 1167-4687
856 41 - ELECTRONIC LOCATION AND ACCESS
Uniform Resource Identifier <a href="https://shs.cairn.info/revue-retraite-et-societe1-2012-1-page-213?lang=fr&redirect-ssocas=7080">https://shs.cairn.info/revue-retraite-et-societe1-2012-1-page-213?lang=fr&redirect-ssocas=7080</a>

Pas d'exemplaire disponible.

PLUDOC

PLUDOC est la plateforme unique et centralisée de gestion des bibliothèques physiques et numériques de Guinée administré par le CEDUST. Elle est la plus grande base de données de ressources documentaires pour les Étudiants, Enseignants chercheurs et Chercheurs de Guinée.

Adresse

627 919 101/664 919 101

25 boulevard du commerce
Kaloum, Conakry, Guinée

Réseaux sociaux

Powered by Netsen Group @ 2025